000 00437nam a22001817a 4500
003 MPLRDC
005 20220104123634.0
008 210129b ||||| |||| 00| 0 eng d
020 _a957-629-283-2
082 _a225.4 SSY
100 _a释圣严法师
245 _a智慧的花串
_c
250 _a初版
260 _a
_b汉光文化事业股份有限
_c1995
300 _b
650 _a佛教说法
942 _cBK
_o225.4 SSY
999 _c13008
_d12998